Electronics for industry, (Record no. 545609)
[ view plain ]
| 000 -LEADER | |
|---|---|
| fixed length control field | 00566cam a22001452 4500 |
| 082 ## - DEWEY DECIMAL CLASSIFICATION NUMBER | |
| Classification number | 621.381 |
| Author Mark | BEN |
| -- | L-11, P-26 |
| 100 1# - MAIN ENTRY--PERSONAL NAME | |
| Personal name | Bendz, Waldemar I. [from old catalog] |
| 9 (RLIN) | 41517 |
| 245 00 - TITLE STATEMENT | |
| Title | Electronics for industry, |
| Statement of responsibility, etc. | by W.I. Bendz ... with the assistance of C.A. Scarlott ... |
| 260 ## - PUBLICATION, DISTRIBUTION, ETC. | |
| Place of publication, distribution, etc. | New York, |
| Name of publisher, distributor, etc. | J. Wiley & sons, inc.; |
| Date of publication, distribution, etc. | [1947] |
| 300 ## - PHYSICAL DESCRIPTION | |
| Extent | x, 501 p, incl. front., illus., diagrs. |
| Dimensions | 22 cm. |
| 526 ## - STUDY PROGRAM INFORMATION NOTE | |
| Program name | 0 |
| Interest level | 0 |
| Reading level | 0 |
| Title point value | 621_381000000000000_BEN |
| 650 #0 - SUBJECT ADDED ENTRY--TOPICAL TERM | |
| Topical term or geographic name entry element | Industrial electronics. |
| 9 (RLIN) | 41518 |
| 700 1# - ADDED ENTRY--PERSONAL NAME | |
| Personal name | Scarlott, Charles A. [from old catalog] |
| 9 (RLIN) | 41519 |
| 942 ## - ADDED ENTRY ELEMENTS (KOHA) | |
| Source of classification or shelving scheme | |
| Koha item type | Book |
| Withdrawn status | Lost status | Source of classification or shelving scheme | Damaged status | Not for loan | Permanent Location | Current Location | Date acquired | Total Checkouts | Full call number | Barcode | Date last seen | Price effective from | Koha item type |
|---|---|---|---|---|---|---|---|---|---|---|---|---|---|
| Military College of Engineering (MCE) | Military College of Engineering (MCE) | 05/27/2014 | 621.381 BEN | MCE-5319 | 05/27/2014 | 05/27/2014 | Book |
